Fr. Conceicao Rodrigues College of Engineering

TCP/IP Guide:Comprehensive illustrated internet protocols reference (Record no. 26737)

MARC details
000 -LEADER
fixed length control field 00376nam a2200157Ia 4500
082 ## - DEWEY DECIMAL CLASSIFICATION NUMBER
Classification number 4.62
Item number KOZ
100 ## - MAIN ENTRY--PERSONAL NAME
Personal name Kozierok/Charles M
245 ## - TITLE STATEMENT
Title TCP/IP Guide:Comprehensive illustrated internet protocols reference
260 ## - PUBLICATION, DISTRIBUTION, ETC.
Name of publisher, distributor, etc. Shroff Publishers
Date of publication, distribution, etc. 2005
366 ## - TRADE AVAILABILITY INFORMATION
Publishers's discount category 20
300 ## - PHYSICAL DESCRIPTION
Extent 1539
546 ## - LANGUAGE NOTE
Language note ENGLISH
-- Computers
650 ## - SUBJECT ADDED ENTRY--TOPICAL TERM
Topical term or geographic name entry element TCP/IP
942 ## - ADDED ENTRY ELEMENTS (KOHA)
Koha item type BOOK
Holdings
Withdrawn status Lost status Damaged status Not for loan Collection Home library Current library Date acquired Source of acquisition Cost, normal purchase price Inventory number Total Checkouts Full call number Barcode Date last seen Cost, replacement price Price effective from Koha item type
        CRC Fr. Agnel's C.Rodrigues College of Engineering Fr. Agnel's C.Rodrigues College of Engineering 17/03/2023 Book Base 540.00 10811 dt 26/04/2011   4.62 KOZ 21628 17/03/2023 675.00   BOOK